00768nam a2200241 i 4500001000300000003000900003005001700012008003900029015001700068040003500085080000800120100005000128245004500178250001900223260005600242300002800298380001700326504001200343650001400355655001700369710004200386856009800428bgKOSZ 00520200630132820.0071207s1967 pl a f f 001 0 pol aPB 1967/3965 aWA NcKOSZ 005/RWdKOSZ 005/RW a5311 aPiekara, Arkadiusz Henrykd(1904-1989)eAutor10aMechanika ogólna /cArkadiusz Piekara. aWyd. 3 nie zm. aWarszawa :bPaństwowe Wydawnictwo Naukowe,c1967. a384 s. :bil. ;c25 cm. aKsiążki. aIndeks. 4aMechanika 4aPodręcznik2 aPaństwowe Wydawnictwo Naukowe4pbl. uhttp://koha.tu.koszalin.pl/cgi-bin/koha/opac-detail.pl?biblionumber=10721yKatalog online BPK